000
00281nam a2200109Ia 4500
001
1272385
005
20260417151427.0
008
260417s9999 xx 000 0 und d
020
_a
9786257587587
245
0
_a
Üzüntü İçin Bir Sığınak
_c
Anne Booth
260
_b
Ketebe Çocuk
999
_c
1272385
_d
1272385